Statistics for New Zealand All Blacks Rugby - Top Tryscorers at World Cups

Click here to take the quiz!

General Stats

  • This quiz has been taken 143 times
    (15 since last reset)
  • The average score is 10 of 20

Answer Stats

Tries Tournaments Player % Correct
151995,1999Jonah Lomu
100%
62003,2011,2015Ma'a Nonu
86%
82015Julian Savea
86%
91995, 1999Jeff Wilson
71%
71987, 1991John Kirwan
71%
132003,2007Doug Howlett
71%
112003, 2007Joe Rokocoko
64%
71995Marc Ellis
57%
62011, 2015, 2019Sonny Bill Williams
57%
92003, 2007, 2011Mils Muliaina
50%
52011Israel Dagg
50%
51987John Gallagher
43%
51987David Kirk
36%
61987Craig Green
36%
62015Nehe Milner-Skudder
29%
62011, 2015Jerome Kaino
21%
52003, 2007Leon MacDonald
21%
51995, 1999Glen Osborne
21%
51987, 1991Alan Whetton
14%
62015,2019Beauden Barrett
0%

Score Distribution

Percentile by Number Answered

Percent of People with Each Score

Your Score History

You have not taken this quiz since the last reset